000
00318nam a22001337a 4500
008
171201b xxu||||| |||| 00| 0 eng d
020
_a
9780121533557
041
_a
eng
080
_a
61
100
_a
27
101
_a
MSH
245
_a
CHEMOKINES, CHEMOKINE RECEPTORS, AND DISEASE
_c
SCHWLEBERT, L.M
942
_2
udc
_c
BK
999
_c
38650
_d
38650